| 000 | 00546nam a22001697a 4500 | ||
|---|---|---|---|
| 008 | 230705b |||||||| |||| 00| 0 eng d | ||
| 040 |
_aNational Science Library _cNational Science Library |
||
| 080 |
_a616.12 _bP3 |
||
| 100 | _aChhajer, Bimal | ||
| 245 |
_a हृदय रोग से मुक्ति: _bIn 5 easy steps |
||
| 246 | _aHridaya rog se mukti in 5 easy steps | ||
| 260 |
_aNew Delhi: _bFull Circle Publishing, _c2003 |
||
| 300 | _a312p. | ||
| 650 | _aScience | ||
| 653 | _aMedicine | ||
| 942 |
_2udc _cHBK |
||
| 999 |
_c50810 _d50810 |
||